| 000 | 00000nam##2200000za#4500 |
| 001 | 9.616517 |
| 003 | CaOODSP |
| 005 | 20210615101644 |
| 007 | ta |
| 008 | 150406|2003||||xxc||||| f|0| 0 eng|d |
| 040 | |aCaOODSP|beng |
| 043 | |an-cn--- |
| 086 | 1 |aNH18-22/103-114E |
| 110 | 2 |aCanada Mortgage and Housing Corporation. |
| 245 | 10|aTechnology roadmap for intelligent buildings |
| 260 | |bCanada Mortgage and Housing Corporation |c2003. |
| 300 | |a4p. ; |c28 cm. |
| 490 | 1 |aResearch highlight. Technical series |v03-114 |
| 520 | 3 |aThese technical papers summarize a wide range of housing-related studies, reports, and manuals. They examine issues as diverse as low-maintenance northern landscaping; policy options for achieving healthy indoor air quality; and various aspects of building performance, including high-rise building envelope performance, performance of various building materials, and evaluations of district heating systems. |
| 563 | |aPamphlet |
| 590 | |a03-36|b2003-09-05 |
| 690 | 07|aHousing|2gcpds |
| 690 | 07|aTechnology|2gcpds |
| 775 | 08|tCarte routière technologique du bâtiment intelligent |w(CaOODSP)9.626336 |
| 776 | 0#|tTechnology roadmap for intelligent buildings |w(CaOODSP)9.581070 |
| 830 | #0|aResearch highlight. Technical series ;|v03-114|w(CaOODSP)9.514826 |